[Event "21st Open"]
[Site "Oberwart"]
[Date "1999.08.18"]
[Round "9.14"]
[White "JURKOVIC, Hrvoje"]
[Black "KUBA, Guenter"]
[Result "1-0"]
[WhiteElo "2370"]
[BlackElo "2238"]
[PlyCount "65"]
[EventDate "1999.08.18"]

1. e4 e5 2. Nf3 Nc6 3. Bc4 Bc5 4. b4 Bxb4 5. c3 Ba5 6. d4 d6 7. Qb3 Qd7 8. O-O
Bb6 9. Bb5 a6 10. Ba4 Ba7 11. Na3 b5 12. Nxb5 axb5 13. Bxb5 Rb8 14. a4 exd4 15.
cxd4 Nge7 16. Qc3 O-O 17. d5 {#} 17... Qg4 18. dxc6 Qxe4 19. Re1 Nd5 20. Qxg7+
Kxg7 21. Rxe4 Bf5 22. Bb2+ f6 23. Ree1 Rfe8 24. Bd4 Bxd4 25. Nxd4 Bg4 26. f3
Bh5 27. Ne6+ Kh8 28. Bc4 Nb6 29. Ba6 Re7 30. Nf4 Rxe1+ 31. Rxe1 Be8 32. a5 Na4
33. Bb7 1-0

[Event "21st Open"]
[Site "Oberwart"]
[Date "1999.08.18"]
[Round "9.16"]
[White "BALINOV, Ilia"]
[Black "LAKOS, Nikoletta"]
[Result "1-0"]
[WhiteElo "2448"]
[BlackElo "2335"]
[PlyCount "69"]
[EventDate "1999.08.18"]

1. e4 d5 2. exd5 Nf6 3. d4 Nxd5 4. c4 Nb6 5. Nf3 g6 6. c5 Nd5 7. Bc4 Bg7 8. Nc3
c6 9. O-O O-O 10. Re1 h6 11. Ne5 e6 12. Ne4 b6 13. Nd6 bxc5 14. dxc5 Qa5 15.
Nd3 Qd8 16. Qa4 Qc7 17. Bd2 Nd7 18. Qa3 a5 19. Rac1 Rd8 20. Bxd5 cxd5 21. c6
Nf6 22. Nb5 Qb6 23. Qc5 Qxc5 24. Nxc5 Ng4 25. b3 {#} 25... Ne5 26. c7 Rf8 27.
Bf4 Nd7 28. a4 f5 29. Bd2 Bf6 30. Nd6 Nxc5 31. Rxc5 Be7 32. Rxa5 Rxa5 33. Nxc8
Rc5 34. Nxe7+ Kg7 35. c8=Q 1-0

[Event "21st Open"]
[Site "Oberwart"]
[Date "1999.08.18"]
[Round "9.17"]
[White "NEUSSNER, Siegfried"]
[Black "LENDWAI, Reinhard"]
[Result "1/2-1/2"]
[WhiteElo "2190"]
[BlackElo "2371"]
[PlyCount "36"]
[EventDate "1999.08.18"]

1. e4 c6 2. d4 d5 3. Nd2 g6 4. Ngf3 Bg7 5. h3 Nh6 6. Bd3 O-O 7. O-O Nd7 8. Re1
Nf6 9. e5 Ne8 10. Nf1 Nc7 11. Ng3 f6 12. exf6 exf6 13. Bd2 Be6 14. c3 Re8 15.
Qc2 Qd7 16. h4 Ng4 17. h5 f5 18. Bf4 Re7 {.} 1/2-1/2

[Event "21st Open"]
[Site "Oberwart"]
[Date "1999.08.18"]
[Round "9.18"]
[White "ZSINKA, Laszlo"]
[Black "CSONKA, Attila"]
[Result "1-0"]
[WhiteElo "2329"]
[BlackElo "2225"]
[PlyCount "125"]
[EventDate "1999.08.18"]

1. d4 Nf6 2. c4 e6 3. Nc3 Bb4 4. e3 c5 5. Bd3 Nc6 6. Nf3 O-O 7. O-O Bxc3 8.
bxc3 d6 9. e4 e5 10. h3 h6 11. Be3 b6 12. Qe2 Qe8 13. d5 Ne7 14. Kh2 Ng6 15. g3
Qd7 16. Ng1 Re8 17. Rae1 Qe7 18. Bd2 Nh7 19. f4 exf4 20. gxf4 f5 21. Qh5 Qf7
22. exf5 Ne7 23. Qxf7+ Kxf7 24. Re6 Nf6 25. Nf3 Bxe6 26. fxe6+ Kg8 27. f5 b5
28. cxb5 Nexd5 29. c4 Ne7 30. a4 Rac8 31. Bc3 Rf8 32. Nd2 d5 33. Be5 Rfd8 34.
Rf3 dxc4 35. Nxc4 Rd5 36. b6 Rxe5 37. Nxe5 axb6 38. Bb5 Rd8 39. Nd7 Nxd7 40.
Rd3 {#} 40... Kf8 41. Rxd7 Rc8 42. Bc4 Ke8 43. Rb7 Rd8 44. Bb5+ Kf8 45. Kg2 Rc8
46. Bc4 Ke8 47. Kf3 Rd8 48. Bb5+ Kf8 49. Ke2 Rc8 50. Kd3 Rd8+ 51. Kc2 Rc8 52.
Kb3 Rd8 53. h4 Ra8 54. Bd3 Rd8 55. Be4 Nc8 56. Rf7+ Kg8 57. Rd7 Re8 58. Kc4 Kf8
59. Kb5 Kg8 60. h5 Kf8 61. Rb7 Ne7 62. Kxb6 c4 63. a5 1-0

[Event "21st Open"]
[Site "Oberwart"]
[Date "1999.08.18"]
[Round "9.19"]
[White "KUMMER, Helmut"]
[Black "SPELEC, Darko"]
[Result "1-0"]
[WhiteElo "2321"]
[BlackElo "2187"]
[PlyCount "105"]
[EventDate "1999.08.18"]

1. d4 Nf6 2. c4 e6 3. Nf3 b6 4. g3 Ba6 5. Nbd2 d5 6. Bg2 Be7 7. O-O O-O 8. b3
c6 9. Bb2 Bb7 10. Re1 c5 11. cxd5 Qxd5 12. e4 Qh5 13. d5 exd5 14. exd5 Nxd5 15.
Re5 Qh6 16. Nc4 Bf6 17. Rxd5 Bxb2 18. Nxb2 Bxd5 19. Qxd5 Na6 20. Rd1 Nb4 21.
Qc4 Qf6 22. a3 Qxb2 23. axb4 Rac8 24. Bh3 Rc7 25. Kg2 g6 26. Rd5 Qa3 27. b5 Qb4
28. Bd7 Rd8 29. Ne5 Kg7 30. Qd3 Qe1 31. Nc6 {#} 31... Rcxd7 32. Rxd7 Rxd7 33.
Qxd7 Qe4+ 34. Kf1 Qb1+ 35. Ke2 Qc2+ 36. Qd2 Qxb3 37. Qd3 Qe6+ 38. Kf1 Qh3+ 39.
Kg1 Qe6 40. Nxa7 c4 41. Qd4+ f6 42. Kg2 Qe2 43. Nc8 Qe6 44. Na7 h5 45. h4 Kh6
46. Nc6 g5 47. hxg5+ fxg5 48. Qh8+ Kg6 49. Ne5+ Kf5 50. Nf3 Qd5 51. Qxh5 Ke4
52. Qg6+ Qf5 53. Nd2+ 1-0

[Event "21st Open"]
[Site "Oberwart"]
[Date "1999.08.18"]
[Round "9.20"]
[White "TITZ, Heimo"]
[Black "HAMBERGER, Hermann"]
[Result "1-0"]
[WhiteElo "2310"]
[BlackElo "2175"]
[PlyCount "59"]
[EventDate "1999.08.18"]

1. c4 e5 2. Nc3 Nc6 3. Nf3 f5 4. d4 e4 5. Ng5 h6 6. Nh3 g5 7. Ng1 Bg7 8. h4
gxh4 9. e3 Nf6 10. Nh3 Ne7 11. Nf4 O-O 12. Qb3 d6 13. Ncd5 Kh7 14. Bd2 Nexd5
15. cxd5 c6 16. dxc6 bxc6 17. Bb4 a5 18. Qa3 Ne8 19. Be2 c5 20. dxc5 Bxb2 21.
Qxb2 Rb8 22. cxd6 Rxb4 23. Qe5 Qf6 24. Qxf6 Nxf6 25. O-O Rb6 26. Rfd1 Rd8 27.
Rac1 Ba6 28. Rc7+ {#} 28... Rd7 29. Bxa6 Rxa6 30. Nh5 1-0

[Event "21st Open"]
[Site "Oberwart"]
[Date "1999.08.18"]
[Round "9.22"]
[White "ARWANITAKIS, Michael"]
[Black "NIELSEN, Max"]
[Result "1/2-1/2"]
[WhiteElo "2155"]
[BlackElo "2256"]
[PlyCount "29"]
[EventDate "1999.08.18"]

1. e4 c5 2. Nc3 Nc6 3. g3 g6 4. Bg2 Bg7 5. d3 d6 6. Be3 e6 7. Qd2 Qa5 8. Nf3
Nd4 9. O-O Ne7 10. Bh6 O-O 11. Nd5 Qd8 12. Nxe7+ Qxe7 13. Bxg7 Kxg7 14. Nxd4
cxd4 15. c3 {.} 1/2-1/2

[Event "21st Open"]
[Site "Oberwart"]
[Date "1999.08.18"]
[Round "9.23"]
[White "GOMBOC, Miha"]
[Black "PETSCHAR, Kurt"]
[Result "1-0"]
[WhiteElo "2117"]
[BlackElo "2250"]
[PlyCount "79"]
[EventDate "1999.08.18"]

1. e4 c5 2. Nf3 Nc6 3. d4 cxd4 4. Nxd4 e5 5. Nb5 d6 6. c4 Be7 7. N1c3 a6 8. Na3
Be6 9. Be2 Bg5 10. O-O Bxc1 11. Rxc1 Nd4 12. Nc2 Nxe2+ 13. Qxe2 Ne7 14. Rfd1
Rc8 15. Ne3 Nc6 16. Qd2 Nd4 17. Ne2 Nxe2+ 18. Qxe2 Qb6 19. b3 O-O 20. Rd3 f5
21. exf5 Bxf5 22. Rd2 Be6 23. Rcd1 Rc6 24. Kh1 Rf6 25. Nf1 Bf5 26. Ng3 Bg6 27.
f3 Qc7 28. Nf1 Qe7 29. Ne3 Bf7 30. Rb1 Rf4 31. Nd1 Rh4 32. g3 Rh6 33. a4 Qg5
34. Kg1 Bh5 35. Ne3 Rf6 36. Rf1 e4 37. f4 Qc5 38. Qf2 {#} 38... b5 39. axb5
axb5 40. Rd5 1-0

[Event "21st Open"]
[Site "Oberwart"]
[Date "1999.08.18"]
[Round "9.24"]
[White "IVANCSICS, Michael"]
[Black "KLEISER, Gregor"]
[Result "1-0"]
[WhiteElo "2248"]
[BlackElo "2157"]
[PlyCount "106"]
[EventDate "1999.08.18"]

1. d4 Nf6 2. c4 g6 3. g3 Bg7 4. Bg2 c6 5. Nf3 d5 6. Qb3 O-O 7. O-O Qb6 8. Nc3
Qxb3 9. axb3 Na6 10. Bf4 Bf5 11. Rfc1 Rfc8 12. Ra4 Nc7 13. Rca1 a6 14. Rb4 Ra7
15. Ra5 Nh5 16. Bxc7 Rxc7 17. cxd5 cxd5 18. Rxd5 b5 19. Rd8+ Bf8 20. d5 Rd7 21.
Rb8 Rdb7 22. Rxf8+ Kxf8 23. g4 a5 24. Rd4 {#} 24... b4 25. Na4 Bc2 26. gxh5 Rc7
27. Nd2 Bd1 28. Bf1 Rc1 29. Kg2 Ra6 30. e4 Rf6 31. e5 Rf5 32. f4 g5 33. Bd3
Rxf4 34. Rxf4 gxf4 35. h6 Bc2 36. Be2 Bf5 37. Nb6 Rc2 38. Nbc4 Be4+ 39. Nxe4
Rxe2+ 40. Kf3 Rxh2 41. d6 exd6 42. exd6 Rxh6 43. Kxf4 Rh5 44. Ne5 Rh4+ 45. Ke3
Rh5 46. Kd4 Rh4 47. Kd5 Rh5 48. Nf6 Rf5 49. Kc6 Rf2 50. Kc7 Rxb2 51. d7 Rd2 52.
d8=Q+ Rxd8 53. Kxd8 Kg7 1-0

[Event "21st Open"]
[Site "Oberwart"]
[Date "1999.08.18"]
[Round "9.25"]
[White "HOLZER, Gerhard"]
[Black "STEINERT, Martin"]
[Result "1-0"]
[WhiteElo "2244"]
[BlackElo "2142"]
[PlyCount "75"]
[EventDate "1999.08.18"]

1. e4 c5 2. Nf3 d6 3. Nc3 a6 4. d4 cxd4 5. Nxd4 Nf6 6. Be2 e5 7. Nf3 h6 8. O-O
Be7 9. Re1 Nc6 10. h3 Be6 11. Bf1 Rc8 12. Nd5 {#} 12... Bxd5 13. exd5 Nb4 14.
c4 a5 15. a3 Na6 16. Qa4+ Nd7 17. b4 O-O 18. Qb5 Nc7 19. Qxb7 Rb8 20. Qc6 axb4
21. Be3 bxa3 22. Rxa3 e4 23. Ra7 Rc8 24. Nd2 Ne5 25. Qb7 Bg5 26. Nxe4 Bxe3 27.
Rxe3 f5 28. Nc5 f4 29. Rxe5 dxe5 30. Ne4 Ne8 31. d6 Rb8 32. Qd5+ Kh8 33. Qxe5
Nf6 34. Re7 f3 35. g3 Qc8 36. d7 Qc6 37. Nxf6 Rxf6 38. Qxb8+ 1-0

[Event "21st Open"]
[Site "Oberwart"]
[Date "1999.08.18"]
[Round "9.27"]
[White "SEEL, Christian"]
[Black "SCHEIN, Karl-Heinz"]
[Result "1-0"]
[WhiteElo "2116"]
[BlackElo "2229"]
[PlyCount "93"]
[EventDate "1999.08.18"]

1. Nf3 f5 2. d3 Nf6 3. e4 e6 4. Nc3 d5 5. e5 Ng8 6. d4 Bb4 7. Bd2 Ne7 8. Bd3 a6
9. a3 Bxc3 10. Bxc3 O-O 11. Bd2 Bd7 12. a4 Be8 13. h3 Bg6 14. g3 Nbc6 15. c3
Qe8 16. Ng5 Nd8 17. h4 Bh5 18. f3 h6 19. Nh3 c5 20. Nf4 Nec6 21. g4 fxg4 22.
fxg4 cxd4 23. cxd4 {#} 23... Rxf4 24. Bxf4 Bg6 25. h5 Be4 26. O-O Qe7 27. Rf2
Nf7 28. Bxe4 dxe4 29. Qe2 Qh4 30. Rd1 Nb4 31. Rh2 Qe7 32. Qxe4 Nd5 33. Rc1 Rf8
34. Rf1 Rc8 35. Rc2 Rd8 36. Rcf2 Qh4 37. Bd2 Ng5 38. Bxg5 hxg5 39. Kg2 Nf4+ 40.
Rxf4 gxf4 41. Qxf4 Rc8 42. Rf2 Rc7 43. d5 exd5 44. e6 Rc4 45. Qf7+ Kh7 46. Qg6+
Kg8 47. Rf8+ 1-0

[Event "21st Open"]
[Site "Oberwart"]
[Date "1999.08.18"]
[Round "9.28"]
[White "PROCHASKA, Juergen"]
[Black "HUBER, Wolfgang"]
[Result "1/2-1/2"]
[WhiteElo "2225"]
[BlackElo "2090"]
[PlyCount "28"]
[EventDate "1999.08.18"]

1. e4 c6 2. d4 d5 3. Nc3 dxe4 4. Nxe4 Bf5 5. Ng3 Bg6 6. h4 h6 7. h5 Bh7 8. Nf3
Nd7 9. Bd3 Bxd3 10. Qxd3 e6 11. Ne4 Ngf6 12. Bf4 Nxe4 13. Qxe4 Qa5+ 14. Bd2 Qc7
{.} 1/2-1/2

[Event "21st Open"]
[Site "Oberwart"]
[Date "1999.08.18"]
[Round "9.29"]
[White "FARAGO, Ivan"]
[Black "DEUTSCH, Ludwig"]
[Result "0-1"]
[WhiteElo "2512"]
[BlackElo "2173"]
[PlyCount "50"]
[EventDate "1999.08.18"]

1. d4 c5 2. d5 e5 3. c4 d6 4. e4 Ne7 5. Nc3 h6 6. h4 Nd7 7. g3 Nf6 8. Bg2 a6 9.
b4 b6 10. Nge2 Bd7 11. Rb1 h5 12. bxc5 bxc5 13. Bg5 Ng6 14. Nc1 Be7 15. Nd3 Ng4
16. Bd2 O-O 17. O-O {#} 17... Bxh4 18. f3 Bxg3 19. fxg4 Qh4 20. Rf5 Qh2+ 21.
Kf1 Nh4 22. Qe2 g6 23. Rf2 Bxg4 24. Qe3 f5 25. exf5 Bxf2 0-1